| 000 | 00000nam##2200000za#4500 |
| 001 | 9.700249 |
| 003 | CaOODSP |
| 005 | 20260106135355 |
| 007 | cr ||||||||||| |
| 008 | 150407|2015||||xxc|||||o f|0| 0 eng|d |
| 020 | |a978-1-100-25561-3 |
| 040 | |aCaOODSP|beng |
| 043 | |an-cn--- |
| 086 | 1 |aM154-86/2015E-PDF |
| 110 | 2 |aCANMET Energy Technology Centre (Canada) |
| 245 | 10|aIndustrial Systems Optimization Group |h[electronic resource] |
| 260 | |aOttawa - Ontario : |bNatural Resources Canada. |c[2015]. |
| 300 | |a2p.|bfigs. |
| 590 | |a15-13|b2015-03-27 |
| 690 | 07|aIndustrial management|2gcpds |
| 690 | 07|aInformation systems|2gcpds |
| 775 | 08|tGroupe Optimisation des procédés industriels : |w(CaOODSP)9.644143 |
| 776 | 0#|tIndustrial systems optimization group : |w(CaOODSP)9.630258 |
| 856 | 40|ahttp://publications.gc.ca|qPDF|s335 KB|uhttps://publications.gc.ca/collections/collection_2015/rncan-nrcan/M154-86-2015-eng.pdf |